Catalog

Record Details

Catalog Search



High Resolution Microbial Single Cell Analytics Cover Image E-book E-book

High Resolution Microbial Single Cell Analytics

Müller, Susann. (Author). Bley, Thomas. (Added Author). SpringerLink (Online service) (Added Author).

Record details

  • ISBN: 9783642168871
  • Physical Description: electronic
    electronic resource
    access
    remote
    XIV, 233p. digital.
  • Publisher: Berlin, Heidelberg : Springer Berlin Heidelberg, 2011.
Subject: Chemistry
Spectroscopy
Biotechnology
Cytology
Microscopy
Chemistry
Biotechnology
Biological Microscopy
Spectroscopy/Spectrometry
Cell Biology

Electronic resources


LDR 01422nam a22004095i 4500
0014895
003CONS
00520121026141725.0
007cr nn 008mamaa
008110429s2011 gw | s |||| 0|eng d
020 . ‡a9783642168871 ‡9978-3-642-16887-1
0247 . ‡a10.1007/978-3-642-16887-1 ‡2doi
035 . ‡a(DE-He213)978-3-642-16887-1
050 4. ‡aTP248.13-248.65
072 7. ‡aTCB ‡2bicssc
072 7. ‡aSCI010000 ‡2bisacsh
1001 . ‡aMüller, Susann.
24510. ‡aHigh Resolution Microbial Single Cell Analytics ‡h[electronic resource] / ‡cedited by Susann Müller, Thomas Bley.
260 . ‡aBerlin, Heidelberg : ‡bSpringer Berlin Heidelberg, ‡c2011.
300 . ‡aXIV, 233p. ‡bdigital.
4900 . ‡aAdvances in Biochemical Engineering / Biotechnology, ‡x0724-6145 ; ‡v124
650 0. ‡aChemistry.
650 0. ‡aSpectroscopy.
650 0. ‡aBiotechnology.
650 0. ‡aCytology.
650 0. ‡aMicroscopy.
65014. ‡aChemistry.
65024. ‡aBiotechnology.
65024. ‡aBiological Microscopy.
65024. ‡aSpectroscopy/Spectrometry.
65024. ‡aCell Biology.
7001 . ‡aBley, Thomas.
7102 . ‡aSpringerLink (Online service)
7730 . ‡tSpringer eBooks
77608. ‡iPrinted edition: ‡z9783642168864
830 0. ‡aAdvances in Biochemical Engineering / Biotechnology, ‡x0724-6145 ; ‡v124
85640. ‡uhttp://dx.doi.org/10.1007/978-3-642-16887-1 ‡9CONS
950 . ‡aChemistry and Materials Science (Springer-11644)
901 . ‡a4895 ‡b ‡c4895 ‡tbiblio ‡sSystem Local

Additional Resources